000 00302nam a22001457a 4500
003 SGT
082 _a370
_bS10S
100 _aSHARMA, N.P.
245 _aSHARIRIK SHIKSHA
250 _a1ST
260 _aNEW DELHI
_bKHEL SAHITYA KENDRA
_c2010
300 _a301
650 _aEDUCATION
942 _2ddc
_cBK
999 _c12184
_d12184